000 00701nam a2200241Ia 4500
003 OSt
005 20221005130422.0
006 a|||||r|||| 00| 0
007 ta
008 221004b |||||||| |||| 00| 0 eng d
024 _a51624
037 _cTextual
040 _aCRL
_cCRL
_beng
041 _2eng
_aeng
082 _aT4r2.N61, K-;1
110 _aINDIA EDUCATION(Ministry of---) .
_9638123
245 0 _aReport of action taken by universities on recommendations made by the Vice-Chancellor's conference
260 _c1962
650 _aEDUCATION
700 _aINDIA EDUCATION(Ministry of---) .
_9638124
942 _hT4r2.N61, K-;1
_cTEXL
_2cc
999 _c1057105
_d1057105